[Event "ThEM  Hauptturnier"]
[Site "?"]
[Date "2000.04.21"]
[Round "4"]
[White "Dorn, K-H."]
[Black "Umpfenbach, Carolin"]
[Result "1/2-1/2"]
[WhiteElo "2003"]
[BlackElo "1882"]
[PlyCount "54"]
[EventDate "2000.??.??"]

1. e4 e6 2. d3 d5 3. Nd2 c5 4. Ngf3 Nc6 5. g3 Nf6 6. Bg2 Be7 7. O-O O-O 8. Re1
Qc7 9. Qe2 a6 10. e5 Ne8 11. h4 f6 12. exf6 Bxf6 13. Nf1 Qf7 14. c3 e5 15. Ng5
Bxg5 16. hxg5 Nc7 17. Be3 Qe7 18. a3 a5 19. b4 axb4 20. axb4 cxb4 21. Rxa8 Nxa8
22. Bxd5+ Kh8 23. cxb4 Qxb4 24. Qd2 Qxd2 25. Nxd2 Bf5 26. Rb1 Nc7 27. Bg2 Nd4
1/2-1/2

[Event "ThEM  Hauptturnier"]
[Site "?"]
[Date "2000.04.21"]
[Round "4"]
[White "Bächer, Reinhard"]
[Black "Fuchs, Antje"]
[Result "0-1"]
[WhiteElo "1953"]
[BlackElo "2012"]
[PlyCount "92"]
[EventDate "2000.??.??"]

1. e4 c5 2. Nf3 d6 3. d4 cxd4 4. Nxd4 Nf6 5. Nc3 a6 6. Be2 e5 7. Nb3 Be7 8. O-O
Be6 9. Bg5 Nbd7 10. Kh1 b5 11. Bf3 Rc8 12. a3 Qc7 13. Rc1 O-O 14. Qd2 Rfe8 15.
Rfd1 h6 16. Be3 Nb6 17. Be2 Qb8 18. Na5 d5 19. Nxd5 Nbxd5 20. exd5 Bxd5 21. c4
bxc4 22. Nxc4 Rcd8 23. Qc3 Qb7 24. f3 e4 25. f4 Rc8 26. Qa5 Bxc4 27. Bxc4 Qxb2
28. a4 Qa3 29. Bb6 e3 30. Ra1 Qb4 31. Qxb4 Bxb4 32. Bxa6 e2 33. Bxc8 exd1=Q+
34. Rxd1 Rxc8 35. a5 Ne4 36. a6 Bc5 37. Bxc5 Rxc5 38. Re1 Ra5 39. g4 Nf2+ 40.
Kg2 Nxg4 41. Re8+ Kh7 42. h3 Nf6 43. Re7 Rxa6 44. Rxf7 Nh5 45. Rf5 Kg6 46. Rf8
Rf6 0-1

[Event "ThEM Hauptturnier"]
[Site "?"]
[Date "2000.04.21"]
[Round "4"]
[White "Steinmetzer, Peter"]
[Black "Peil, Jörg"]
[Result "1/2-1/2"]
[WhiteElo "1922"]
[BlackElo "1817"]
[PlyCount "70"]
[EventDate "2000.??.??"]

1. e4 g6 2. d4 Bg7 3. Be3 d6 4. Nc3 Nf6 5. Be2 c6 6. a4 O-O 7. g4 Qa5 8. Kf1
Na6 9. f3 Ne8 10. Bxa6 Qxa6+ 11. Nge2 e6 12. Kg2 f5 13. gxf5 exf5 14. Qd2 Qa5
15. Rhf1 Qd8 16. Bg5 Bf6 17. h4 Ng7 18. Rad1 Bxg5 19. hxg5 f4 20. Rh1 Qxg5+ 21.
Kf2 Nh5 22. Rdg1 Ng3 23. Ke1 Qf6 24. Nxg3 fxg3 25. Rxg3 Rf7 26. Rhg1 Qh4 27.
Kd1 Rxf3 28. Qg5 Rxg3 29. Qxh4 Rxg1+ 30. Kd2 Rg2+ 31. Kd3 Bg4 32. d5 Rf8 33.
Kd4 c5+ 34. Kc4 Be2+ 35. Nxe2 Rxe2 1/2-1/2

[Event "ThEM  Haupturnier"]
[Site "?"]
[Date "2000.04.21"]
[Round "4"]
[White "Buring, Matthias"]
[Black "Taudte, Stefan"]
[Result "1-0"]
[WhiteElo "1904"]
[BlackElo "2003"]
[PlyCount "81"]
[EventDate "2000.??.??"]

1. e4 e6 2. Nf3 c5 3. b4 cxb4 4. d4 d5 5. e5 Nc6 6. a3 f6 7. Bd3 Bd7 8. Nh4 g6
9. Nxg6 hxg6 10. Bxg6+ Ke7 11. axb4 Be8 12. Bxe8 Qxe8 13. b5 Nd8 14. c4 dxc4
15. Nc3 Qg6 16. O-O Qd3 17. Qxd3 cxd3 18. Rd1 Nf7 19. f4 Bg7 20. Rxd3 fxe5 21.
Ba3+ Ke8 22. dxe5 Nxe5 23. fxe5 Bxe5 24. Bd6 Bxd6 25. Rxd6 Ke7 26. Rb6 axb6 27.
Rxa8 Kd6 28. h4 Rxh4 29. Rxg8 Rc4 30. Rd8+ Ke7 31. Rd3 e5 32. Kf2 Ke6 33. Ke2
e4 34. Re3 Ke5 35. Nxe4 Rxe4 36. Kf3 Rxe3+ 37. Kxe3 Kf5 38. Kf3 Kg5 39. g4 Kg6
40. Kf4 Kf6 41. g5+ 1-0

[Event "ThEM  Hauptturnier"]
[Site "?"]
[Date "2000.04.21"]
[Round "4"]
[White "Pfitzenreuter, Gerald"]
[Black "Gehlhaar, Christian"]
[Result "1-0"]
[WhiteElo "2035"]
[BlackElo "1775"]
[PlyCount "81"]
[EventDate "2000.??.??"]

1. d4 Nf6 2. c4 e6 3. Nc3 Bb4 4. Qc2 c5 5. dxc5 Bxc5 6. Nf3 Nc6 7. e3 O-O 8.
Be2 Qe7 9. a3 a5 10. O-O Rd8 11. Na4 Ba7 12. Bd2 d5 13. b4 Bd7 14. b5 Nb8 15.
Bxa5 Rc8 16. Bb4 Qd8 17. Nc3 dxc4 18. a4 Bc5 19. Bxc5 Rxc5 20. Ne4 Nxe4 21.
Qxe4 Qc8 22. Ne5 c3 23. Bd3 f5 24. Qf4 Qc7 25. Nxd7 Qxf4 26. exf4 Nxd7 27. Bc2
Kf7 28. Rfd1 Nf6 29. Rd4 Nd5 30. Rad1 g6 31. Bb3 Rd8 32. Kf1 b6 33. Bxd5 Rcxd5
34. Rxd5 exd5 35. Ke2 d4 36. Kd3 Ra8 37. Ra1 Rd8 38. a5 bxa5 39. Rxa5 Rd5 40.
Ra7+ Kg8 41. b6 1-0

[Event "ThEM  Hauptturnier"]
[Site "?"]
[Date "2000.04.21"]
[Round "4"]
[White "Rauhut, Frank"]
[Black "Krug, Klaus-Peter"]
[Result "1-0"]
[WhiteElo "1906"]
[BlackElo "1931"]
[PlyCount "103"]
[EventDate "2000.??.??"]

1. d4 c5 2. Nf3 Nf6 3. c4 e6 4. Nc3 a6 5. g3 b6 6. Bg2 Bb7 7. O-O d6 8. dxc5
bxc5 9. Bf4 Nh5 10. Be3 Be7 11. Qc2 O-O 12. Rad1 Qc7 13. Rd2 Nc6 14. Rfd1 Nf6
15. Bf4 e5 16. Bg5 Nd4 17. Qb1 Rab8 18. Nh4 Bxg2 19. Nxg2 Qb7 20. Bxf6 Bxf6 21.
Qe4 Qxe4 22. Nxe4 Be7 23. Ne3 f5 24. Nd5 Kf7 25. Nxe7 Kxe7 26. Nc3 g5 27. Kg2
Rbd8 28. e3 Nc6 29. Nd5+ Kd7 30. g4 Ne7 31. Nc3 Ke6 32. h3 h5 33. f3 Rh8 34.
Na4 Nc6 35. gxf5+ Ke7 36. Nc3 Na5 37. b3 Nb7 38. Ne4 Rhg8 39. Kg3 Rd7 40. Rd3
Rdd8 41. Rg1 Na5 42. Kf2 Rd7 43. Nxg5 d5 44. Rxd5 Rxd5 45. cxd5 c4 46. bxc4
Nxc4 47. h4 Rb8 48. Ke2 Kd6 49. Ne4+ Kxd5 50. Rd1+ Kc6 51. Rc1 Rb2+ 52. Kd3 1-0

[Event "ThEM  Hauptturnier"]
[Site "?"]
[Date "2000.04.21"]
[Round "4"]
[White "Lange, Corinna"]
[Black "Thielen, Dieter"]
[Result "1-0"]
[WhiteElo "1747"]
[BlackElo "1881"]
[PlyCount "105"]
[EventDate "2000.??.??"]

1. e4 e6 2. Nf3 d5 3. e5 c5 4. b4 cxb4 5. a3 Bd7 6. axb4 Bxb4 7. c3 Be7 8. d4
h6 9. Bd3 Qc7 10. O-O Bd8 11. Ne1 f5 12. Qh5+ Kf8 13. Qg6 Ne7 14. Ba3 Kg8 15.
Qh5 Nbc6 16. g4 g6 17. Qh3 Kg7 18. f4 fxg4 19. Qxg4 Nf5 20. Ra2 Be8 21. Bxf5
exf5 22. Qg2 Qf7 23. Nc2 Qe6 24. Ne3 Bf7 25. Rb2 Bb6 26. Bd6 Rhd8 27. Qh3 Rd7
28. Rg2 Kh7 29. Kh1 Rg8 30. Rfg1 Bd8 31. Rd1 Ne7 32. Nd2 Rxd6 33. exd6 Qxd6 34.
Nf3 Qxf4 35. Ng5+ Kg7 36. Rf1 Qxf1+ 37. Nxf1 hxg5 38. Rxg5 Nc8 39. Rg2 Nd6 40.
Ng3 Be6 41. Nh5+ Kf7 42. Nf4 Ne4 43. Nxe6 Kxe6 44. Qh7 Nf6 45. Qxb7 Be7 46.
Re2+ Ne4 47. Qc6+ Bd6 48. c4 Ke7 49. Qxd5 Rh8 50. Kg1 Rh3 51. c5 Bc7 52. Qc6
Bf4 53. Rxe4+ 1-0

[Event "ThEM  Meisterturnier"]
[Site "?"]
[Date "2000.04.21"]
[Round "4"]
[White "Manger, Hans-Gerald"]
[Black "Seidel, Thomas"]
[Result "1/2-1/2"]
[WhiteElo "2011"]
[BlackElo "1923"]
[PlyCount "23"]
[EventDate "2000.??.??"]

1. d4 e6 2. c4 f5 3. Nc3 Nf6 4. Nf3 d5 5. Bg5 Be7 6. e3 c6 7. Be2 Ne4 8. Bxe7
Qxe7 9. O-O O-O 10. Ne5 Nd7 11. Nxd7 Bxd7 12. f3 1/2-1/2

[Event "ThEM  Meisterturnier"]
[Site "?"]
[Date "2000.04.21"]
[Round "4"]
[White "Sieber, Stefan"]
[Black "Krämer, Martin"]
[Result "1-0"]
[WhiteElo "2005"]
[BlackElo "1823"]
[PlyCount "55"]
[EventDate "2000.??.??"]

1. e4 c5 2. Nf3 Nc6 3. d4 cxd4 4. Nxd4 g6 5. c4 Bg7 6. Be3 Nf6 7. Nc3 Ng4 8.
Qxg4 Nxd4 9. Qd1 e5 10. Nb5 O-O 11. Qd2 Qh4 12. Bd3 d5 13. Nc7 Rb8 14. Nxd5 Bh3
15. Bxd4 Bxg2 16. Rg1 exd4 17. Rxg2 Rbd8 18. Kf1 Qh3 19. Qe2 Rfe8 20. Nf4 Qd7
21. Qg4 Qc7 22. h4 Qb6 23. b3 Qb4 24. Rd1 Qa5 25. f3 Qe5 26. Nd5 h5 27. Qg5 Qd6
28. f4 1-0

[Event "ThEM  Meisterturnier"]
[Site "?"]
[Date "2000.04.21"]
[Round "4"]
[White "Hänsel, Thomas"]
[Black "Kirschbaum, Gunnar"]
[Result "0-1"]
[WhiteElo "2221"]
[BlackElo "2111"]
[PlyCount "60"]
[EventDate "2000.??.??"]

1. e4 d6 2. d4 Nf6 3. Nc3 g6 4. Be3 Bg7 5. f3 c6 6. Qd2 Nbd7 7. Nge2 b5 8. a4
Qa5 9. Nd1 b4 10. Nc1 Rb8 11. Be2 O-O 12. O-O Qc7 13. c3 a5 14. g4 e5 15. g5
Nh5 16. Nd3 Ba6 17. N1f2 bxc3 18. bxc3 d5 19. Ng4 Bxd3 20. Bxd3 c5 21. dxe5
dxe4 22. Bxe4 Nxe5 23. Qf2 Nc4 24. Bxc5 Rb2 25. Bc2 Nf4 26. Kh1 Nh3 27. Qh4
Qxc5 28. Qxh3 Rxc2 29. Nf6+ Bxf6 30. gxf6 Qg5 0-1

[Event "ThEM  Meisterturnier"]
[Site "?"]
[Date "2000.04.21"]
[Round "4"]
[White "Rohmeiß, Roberto"]
[Black "Pähtz, Thomas"]
[Result "0-1"]
[WhiteElo "2153"]
[BlackElo "2213"]
[PlyCount "76"]
[EventDate "2000.??.??"]

1. Nf3 c5 2. g3 g6 3. Bg2 Nc6 4. O-O Bg7 5. d3 e5 6. c4 Nge7 7. Nc3 d6 8. Rb1
O-O 9. a3 a5 10. Bd2 Rb8 11. Ne1 Be6 12. Nc2 d5 13. cxd5 Nxd5 14. Ne4 b6 15. b4
cxb4 16. axb4 axb4 17. Nxb4 Ncxb4 18. Bxb4 Nxb4 19. Rxb4 f5 20. Nd2 e4 21. Nc4
b5 22. Ne3 Qa5 23. Rb1 Rfd8 24. Rc1 Bc3 25. Qc2 Rbc8 26. Qb1 Ba2 27. Qc2 b4 28.
Nc4 Rxc4 29. dxc4 Rd2 30. Bxe4 Rxc2 31. Bxc2 Bxc4 32. Bd3 Bxd3 33. exd3 b3 34.
Rb1 b2 35. Rfd1 Bd4 36. Kg2 Qd5+ 37. Kg1 Qf3 38. Rd2 f4 0-1

[Event "ThEM  Meisterturnier"]
[Site "?"]
[Date "2000.04.21"]
[Round "4"]
[White "Fischer, Kay"]
[Black "Recknagel, Michael"]
[Result "0-1"]
[WhiteElo "2212"]
[BlackElo "2009"]
[PlyCount "82"]
[EventDate "2000.??.??"]

1. e4 e6 2. d4 d5 3. Nc3 Bb4 4. Bd3 c5 5. exd5 Qxd5 6. Bd2 Bxc3 7. Bxc3 cxd4 8.
Bxd4 e5 9. Bc3 Nf6 10. Qf3 Nc6 11. Qxd5 Nxd5 12. Ne2 Be6 13. O-O O-O 14. f4
Nxc3 15. Nxc3 Rad8 16. f5 Bd5 17. f6 Nb4 18. fxg7 Kxg7 19. Bf5 Bc6 20. Rae1 Rd2
21. Rf2 Rfd8 22. a3 Na6 23. Ne4 Bxe4 24. Bxe4 Nc5 25. Bf5 Rxf2 26. Kxf2 Rd2+
27. Re2 Rxe2+ 28. Kxe2 b6 29. b4 Nb7 30. Ke3 Nd6 31. Bd3 f5 32. g3 b5 33. Kd2
Kf6 34. Kc3 Ke6 35. Kb3 Kd5 36. c3 h6 37. Bxb5 Nxb5 38. c4+ Kd4 39. cxb5 f4 40.
gxf4 exf4 41. Kc2 Ke3 0-1

[Event "ThEM  Hauptturnier"]
[Site "?"]
[Date "2000.04.21"]
[Round "5"]
[White "Wiegner, Denis"]
[Black "Rauhut, Frank"]
[Result "1-0"]
[WhiteElo "2194"]
[BlackElo "1906"]
[PlyCount "47"]
[EventDate "2000.??.??"]

1. e4 c5 2. Nf3 e6 3. d4 cxd4 4. Nxd4 a6 5. Nc3 Qc7 6. Bd3 Nc6 7. Be3 Nf6 8.
O-O Be7 9. f4 Nxd4 10. Bxd4 Bc5 11. Bxc5 Qxc5+ 12. Kh1 d6 13. Qf3 O-O 14. Rae1
e5 15. f5 b5 16. g4 b4 17. g5 bxc3 18. gxf6 Bd7 19. Qg3 g6 20. Qg5 Kh8 21. Qh6
Rg8 22. Rf3 Bxf5 23. exf5 Qd5 24. Re4 1-0

[Event "ThEM  Hauptturnier"]
[Site "?"]
[Date "2000.04.21"]
[Round "5"]
[White "Petiko, Jakob"]
[Black "Aepfler, Christian"]
[Result "0-1"]
[WhiteElo "1888"]
[BlackElo "2168"]
[PlyCount "78"]
[EventDate "2000.??.??"]

1. e4 e6 2. d3 d5 3. Nd2 Nf6 4. g3 c5 5. Bg2 b6 6. Ne2 Bb7 7. O-O Be7 8. h3 Nc6
9. Re1 Qc7 10. c3 O-O-O 11. Qc2 dxe4 12. dxe4 Ne5 13. b3 Rd7 14. Bb2 Nd3 15.
Red1 Rhd8 16. f3 g5 17. Nf1 h5 18. Nc1 Nxb2 19. Rxd7 Rxd7 20. Qxb2 g4 21. Qe2
Qe5 22. Qe3 gxf3 23. Bxf3 Rd8 24. Ne2 h4 25. g4 Nxe4 26. Bg2 Ng5 27. Qf2 Bxg2
28. Qxg2 Qe4 29. Qxe4 Nxe4 30. c4 f5 31. Nf4 Rg8 32. Nh2 Ng5 33. Kg2 Rd8 34.
Nf3 fxg4 35. hxg4 Rf8 36. Nxg5 Rxf4 37. Nf3 Rxg4+ 38. Kh1 Bf6 39. Rd1 Kc7 0-1

[Event "ThEM  Hauptturnier"]
[Site "?"]
[Date "2000.04.21"]
[Round "5"]
[White "Rudnizki, Sergej"]
[Black "Buring, Matthias"]
[Result "1/2-1/2"]
[WhiteElo "1975"]
[BlackElo "1904"]
[PlyCount "59"]
[EventDate "2000.??.??"]

1. e4 e5 2. Nf3 Nc6 3. Bb5 Nd4 4. Nxd4 exd4 5. O-O Qg5 6. Qe2 g6 7. f4 Qc5 8.
Bd3 Bg7 9. b3 b5 10. Kh1 a6 11. c3 dxc3 12. dxc3 b4 13. Be3 Qe7 14. Qf2 a5 15.
Bd4 Bxd4 16. Qxd4 Nf6 17. c4 O-O 18. Nd2 Bb7 19. Rae1 Nh5 20. Qf2 a4 21. Be2
Ra5 22. Bd1 Bc6 23. bxa4 Bxa4 24. Nb3 Bxb3 25. axb3 Ng7 26. Bf3 Qf6 27. Qd2 c5
28. Bg4 Ne6 29. e5 Qh4 30. Bxe6 1/2-1/2

[Event "ThEM  Hauptturnier"]
[Site "?"]
[Date "2000.04.21"]
[Round "5"]
[White "Fuchs, Antje"]
[Black "Gräf, Michael"]
[Result "1-0"]
[WhiteElo "2012"]
[BlackElo "1920"]
[PlyCount "49"]
[EventDate "2000.??.??"]

1. e4 c6 2. Nc3 d5 3. Nf3 dxe4 4. Nxe4 Bf5 5. Ng3 Bg6 6. Bc4 Nf6 7. h4 Nh5 8.
Nxh5 Bxh5 9. Ne5 Bg6 10. h5 Qd4 11. Qe2 Bxc2 12. Bxf7+ Kd8 13. Bc4 b5 14. Be6
Kc7 15. d3 Qb4+ 16. Bd2 Qxb2 17. Rc1 Kb7 18. O-O g6 19. Bf4 Qd4 20. Qf3 Bg7 21.
Nxc6 Nxc6 22. Rxc2 Rac8 23. Rfc1 Qb6 24. Rxc6 Rxc6 25. Rxc6 1-0

[Event "ThEM  Hauptturnier"]
[Site "?"]
[Date "2000.04.21"]
[Round "5"]
[White "Kirste, Olaf"]
[Black "Dorn, Karl-Heinz"]
[Result "1/2-1/2"]
[WhiteElo "1845"]
[BlackElo "2003"]
[PlyCount "83"]
[EventDate "2000.??.??"]

1. c4 g6 2. Nc3 Bg7 3. d4 Nf6 4. e4 d6 5. f3 O-O 6. Be3 c5 7. Nge2 Nc6 8. dxc5
dxc5 9. Qxd8 Rxd8 10. Bxc5 Nd7 11. Ba3 Nde5 12. Nf4 e6 13. Rd1 Rxd1+ 14. Nxd1
Bh6 15. Nh3 b6 16. b3 Bb7 17. Bb2 Rd8 18. f4 Nd7 19. Bd3 Nc5 20. Bb1 Nd3+ 21.
Bxd3 Rxd3 22. Nhf2 Rd8 23. Bf6 Rd7 24. g3 Bg7 25. Bxg7 Kxg7 26. Nc3 f5 27. O-O
Nd4 28. Rd1 Nf3+ 29. Kf1 Rxd1+ 30. Nfxd1 Nxh2+ 31. Ke2 fxe4 32. Ne3 Nf3 33. Nb5
a6 34. Nd6 Bc6 35. b4 h5 36. c5 b5 37. Nc2 e5 38. fxe5 Nxe5 39. Ke3 Ng4+ 40.
Kd4 g5 41. Nf5+ Kf6 42. Nfe3 1/2-1/2

[Event "ThEM  Hauptturnier"]
[Site "?"]
[Date "2000.04.21"]
[Round "5"]
[White "Umpfenbach, Carolin"]
[Black "Lange, Corinna"]
[Result "1/2-1/2"]
[WhiteElo "1882"]
[BlackElo "1747"]
[PlyCount "25"]
[EventDate "2000.??.??"]

1. d4 d5 2. c4 e6 3. Nc3 Nf6 4. Bg5 Be7 5. Nf3 O-O 6. e3 Nbd7 7. Rc1 c6 8. Bd3
h6 9. Bh4 dxc4 10. Bxc4 Nd5 11. Bxe7 Qxe7 12. O-O N7f6 13. Qe2 1/2-1/2

[Event "ThEM  Hauptturnier"]
[Site "?"]
[Date "2000.04.21"]
[Round "5"]
[White "Taudte, Stefan"]
[Black "Pfitzenreuter, Gerald"]
[Result "1-0"]
[WhiteElo "2003"]
[BlackElo "2035"]
[PlyCount "39"]
[EventDate "2000.??.??"]

1. d4 d5 2. c4 c6 3. Nf3 e6 4. Bg5 Nf6 5. Nc3 dxc4 6. e4 b5 7. e5 h6 8. Bh4 g5
9. Nxg5 hxg5 10. Bxg5 Nbd7 11. Qf3 Qb6 12. Bxf6 Nxf6 13. Qxf6 Rg8 14. h4 Bb7
15. Be2 Rd8 16. Bh5 Rg7 17. O-O-O Rh7 18. Qxe6+ Be7 19. Qf5 Rxh5 20. Qxh5 1-0

[Event "ThEM  Hauptturnier"]
[Site "?"]
[Date "2000.04.21"]
[Round "5"]
[White "Krug, Klaus-Peter"]
[Black "Steinmetzer, Peter"]
[Result "0-1"]
[WhiteElo "1931"]
[BlackElo "1922"]
[PlyCount "88"]
[EventDate "2000.??.??"]

1. d4 d5 2. c4 e6 3. Nc3 Nf6 4. f3 dxc4 5. e3 c5 6. Bxc4 a6 7. a4 Nc6 8. Nge2
Be7 9. O-O O-O 10. g4 Na5 11. Ba2 c4 12. e4 Nd7 13. Ng3 Nb8 14. Be3 Nbc6 15.
Nge2 Nb4 16. Nc1 Nxa2 17. Rxa2 Bd7 18. d5 Bb4 19. Rf2 Qc7 20. Rd2 Bc5 21. Bxc5
Qxc5+ 22. Kg2 Qe3 23. Ra3 Qg5 24. b4 cxb3 25. Rd4 Rac8 26. N1e2 Nc4 27. Rxc4
Rxc4 28. Rxb3 exd5 29. h3 Bxa4 30. Nxa4 Rxa4 31. Nc3 Rc4 32. exd5 b5 33. Ne4
Qe5 34. Rd3 f5 35. Nd2 Rd4 36. Nb3 Rxd3 37. Qxd3 fxg4 38. hxg4 h5 39. Nc5 hxg4
40. fxg4 Rd8 41. Nxa6 Qxd5+ 42. Qxd5+ Rxd5 43. Kf3 Rd4 44. g5 b4 0-1

[Event "ThEM  Hauptturnier"]
[Site "?"]
[Date "2000.04.21"]
[Round "5"]
[White "Siegl, Detlef"]
[Black "Bächer, Reinhard"]
[Result "0-1"]
[WhiteElo "1718"]
[BlackElo "1953"]
[PlyCount "64"]
[EventDate "2000.??.??"]

1. e4 c5 2. Nf3 Nc6 3. d4 cxd4 4. Nxd4 Nf6 5. Nc3 d6 6. Bc4 e6 7. O-O Be7 8.
Bb3 O-O 9. f4 Bd7 10. Nf3 Rc8 11. Qe1 Na5 12. h3 Nc4 13. g4 b5 14. g5 Ne8 15.
a3 a5 16. Nd1 a4 17. Bxc4 Rxc4 18. Nc3 g6 19. b3 Rc8 20. h4 Ng7 21. Bb2 Nh5 22.
Nh2 f6 23. Ng4 e5 24. Nh6+ Kh8 25. fxe5 dxe5 26. Nd5 Rxc2 27. Bxe5 Bc5+ 28. Kh1
fxe5 29. Ne3 Rxf1+ 30. Nxf1 Qf8 31. Qd1 Qxf1+ 32. Qxf1 Ng3# 0-1

[Event "ThEM  Hauptturnier"]
[Site "?"]
[Date "2000.04.21"]
[Round "5"]
[White "Peil, Jörg"]
[Black "Gebuhr, Günter"]
[Result "0-1"]
[WhiteElo "1817"]
[BlackElo "1858"]
[PlyCount "74"]
[EventDate "2000.??.??"]

1. e4 c5 2. Nc3 Nc6 3. g3 g6 4. Bg2 Bg7 5. d3 d6 6. Be3 e5 7. Qd2 Nge7 8. Bh6
O-O 9. Bxg7 Kxg7 10. h4 h5 11. f3 Nd4 12. Nge2 Be6 13. O-O-O Qa5 14. Kb1 b5 15.
b3 Nec6 16. Nd5 Nxe2 17. Qxe2 Nd4 18. Qd2 b4 19. a4 a6 20. Rdf1 f5 21. f4 Bxd5
22. exd5 Rae8 23. Re1 exf4 24. Qxf4 Qd8 25. Qf2 Rxe1+ 26. Rxe1 Re8 27. Kc1 Kf7
28. Kd2 Rxe1 29. Qxe1 Qe7 30. Qf2 Qe5 31. Kd1 Kf6 32. Kd2 g5 33. Kd1 f4 34.
hxg5+ Kxg5 35. gxf4+ Qxf4 36. Qg1 Qg4+ 37. Kd2 Qe2+ 0-1

[Event "ThEM  Hauptturnier"]
[Site "?"]
[Date "2000.04.21"]
[Round "5"]
[White "Böhl, Dietmar"]
[Black "Grüner, Nico"]
[Result "1-0"]
[WhiteElo "1800"]
[BlackElo "1089"]
[PlyCount "65"]
[EventDate "2000.??.??"]

1. e4 c5 2. Nf3 Nc6 3. Bb5 g6 4. O-O Bg7 5. c3 a6 6. Bxc6 bxc6 7. d4 cxd4 8.
cxd4 d6 9. h3 Nf6 10. Nc3 O-O 11. Bg5 Rb8 12. Qd2 Re8 13. Rfe1 Qb6 14. b3 Be6
15. Rac1 Nh5 16. Be3 Qb4 17. Ng5 Bd7 18. Qd3 a5 19. g4 Nf6 20. Bd2 Qb6 21. e5
Nd5 22. Nxd5 cxd5 23. exd6 exd6 24. Rxe8+ Rxe8 25. Nf3 f5 26. g5 Bb5 27. Qc3
Be2 28. Re1 Qd8 29. Nh2 Re4 30. Qc6 Bxd4 31. Qxd5+ Kh8 32. Rxe2 Rxe2 33. Qxd4+
1-0

[Event "ThEM  Meisterturnier"]
[Site "?"]
[Date "2000.04.21"]
[Round "5"]
[White "Krämer, Martin"]
[Black "Rohmeiß, Roberto"]
[Result "1/2-1/2"]
[WhiteElo "1823"]
[BlackElo "2153"]
[PlyCount "71"]
[EventDate "2000.??.??"]

1. e4 d6 2. d4 Nf6 3. Nc3 g6 4. f3 Bg7 5. Be3 c6 6. Qd2 b5 7. Nge2 Qa5 8. e5 b4
9. exf6 bxc3 10. fxg7 cxd2+ 11. Bxd2 Qxd2+ 12. Kxd2 Rg8 13. Ng3 Ba6 14. Ne4 d5
15. Nc5 Bxf1 16. Rhxf1 Nd7 17. Nxd7 Kxd7 18. a4 a5 19. Rfb1 Rxg7 20. b4 axb4
21. a5 Rgg8 22. Rxb4 Ra7 23. c4 Rga8 24. Rba4 Rb8 25. Kc3 dxc4 26. Rxc4 Kd6 27.
Rc5 Ra6 28. Ra2 Rb1 29. Rb2 Ra1 30. Kb4 Ra8 31. Rbc2 Rb8+ 32. Kc3 Ra4 33. Kd2
Rxd4+ 34. Ke3 Ra4 35. Rxc6+ Kd7 36. Rc7+ 1/2-1/2

[Event "ThEM  Meisterturnier"]
[Site "?"]
[Date "2000.04.21"]
[Round "5"]
[White "Kirschbaum, Gunnar"]
[Black "Sieber, Stefan"]
[Result "1/2-1/2"]
[WhiteElo "2111"]
[BlackElo "2005"]
[PlyCount "85"]
[EventDate "2000.??.??"]

1. d4 Nf6 2. c4 e6 3. Nc3 Bb4 4. Qc2 c5 5. dxc5 Bxc5 6. Nf3 O-O 7. e3 b6 8. Be2
Bb7 9. O-O d5 10. cxd5 Nxd5 11. Rd1 Qe7 12. a3 Nxc3 13. Qxc3 Nc6 14. b4 Bd6 15.
Bb2 f6 16. Bc4 Ne5 17. Nxe5 Bxe5 18. Qb3 Bxb2 19. Qxb2 Kh8 20. Rd2 Rfd8 21.
Rad1 Rac8 22. Bb3 e5 23. f3 g6 24. Ba4 Rxd2 25. Qxd2 e4 26. f4 Kg7 27. Qd7 Rc7
28. Qxe7+ Rxe7 29. Rd7 Rxd7 30. Bxd7 Kf7 31. Kf2 Ke7 32. Bb5 Bd5 33. Ke2 a5 34.
Kd2 axb4 35. axb4 Kd6 36. Kc3 Bc6 37. Be2 b5 38. Kd4 f5 39. g4 Bd7 40. gxf5
gxf5 41. Bh5 Be6 42. Be2 Bd7 43. Bf1 1/2-1/2

[Event "ThEM  Meisterturnier"]
[Site "?"]
[Date "2000.04.21"]
[Round "5"]
[White "Seidel, Thomas"]
[Black "Hänsel, Thomas"]
[Result "0-1"]
[WhiteElo "1923"]
[BlackElo "2221"]
[PlyCount "54"]
[EventDate "2000.??.??"]

1. e4 c5 2. Nf3 d6 3. d4 cxd4 4. Nxd4 Nf6 5. Nc3 a6 6. Be2 e5 7. Nb3 Be6 8. Be3
Be7 9. O-O Nbd7 10. f3 O-O 11. a4 Qc7 12. Qd2 Rac8 13. Rac1 Rfd8 14. Bd3 Nb6
15. Qf2 Nc4 16. Bxc4 Qxc4 17. Rfd1 Rd7 18. Bg5 h6 19. Be3 Qb4 20. g4 d5 21.
exd5 Nxd5 22. Nxd5 Rxd5 23. a5 Rxd1+ 24. Rxd1 Bxg4 25. Qg2 Bf5 26. Bd2 Qd6 27.
Rc1 Rxc2 0-1

[Event "ThEM  Meisterturnier"]
[Site "?"]
[Date "2000.04.21"]
[Round "5"]
[White "Recknagel, Michael"]
[Black "Manger, Hans-Gerald"]
[Result "1-0"]
[WhiteElo "2212"]
[BlackElo "2011"]
[PlyCount "83"]
[EventDate "2000.??.??"]

1. e4 c5 2. Nc3 e6 3. f4 a6 4. Nf3 Nc6 5. g3 Nge7 6. d4 cxd4 7. Nxd4 Nxd4 8.
Qxd4 Nc6 9. Qf2 Qa5 10. Be3 Bb4 11. Kd2 Qd8 12. Bb6 Qe7 13. a3 Ba5 14. Rd1 Bxb6
15. Qxb6 Qd8 16. Qe3 O-O 17. Kc1 b5 18. e5 Qc7 19. Bg2 Bb7 20. Qc5 Rac8 21. Rd2
Na5 22. Qxc7 Rxc7 23. Bxb7 Nxb7 24. Ne4 Rfc8 25. Kb1 Kf8 26. Rhd1 Ke7 27. Rd6
f5 28. Nc3 Nc5 29. R1d2 Ra8 30. b4 Nb7 31. Kb2 Ke8 32. Rb6 Nd8 33. Kb3 Nc6 34.
Ne2 Ke7 35. a4 bxa4+ 36. Kxa4 a5 37. b5 Nb4 38. Nd4 Nd5 39. Ra6 Rxa6 40. bxa6
Nb6+ 41. Kb5 Nd5 42. Nxf5+ 1-0

[Event "ThEM  Hauptturnier"]
[Site "?"]
[Date "2000.04.22"]
[Round "6"]
[White "Wiegner, Denis"]
[Black "Fuchs, Antje"]
[Result "1-0"]
[WhiteElo "2194"]
[BlackElo "2012"]
[PlyCount "87"]
[EventDate "2000.??.??"]

1. e4 c5 2. Nf3 d6 3. d4 cxd4 4. Nxd4 Nf6 5. Nc3 a6 6. Be3 e6 7. f3 Qc7 8. Qd2
Nbd7 9. g4 b5 10. g5 b4 11. Ncb5 axb5 12. gxf6 gxf6 13. Nxb5 Qb8 14. Qxb4 Ne5
15. Qc3 Nxf3+ 16. Kf2 Ne5 17. Nc7+ Ke7 18. Nxa8 Qxa8 19. Qc7+ Bd7 20. Rd1 Qc6
21. Qxc6 Bxc6 22. Rg1 Bxe4 23. c4 h5 24. h3 Bh6 25. c5 Bxe3+ 26. Kxe3 Bd5 27.
cxd6+ Kxd6 28. b3 Ra8 29. a4 Kc5 30. Bg2 Bxg2 31. Rxg2 Kb4 32. Rb2 Rc8 33. Rd4+
Ka3 34. Rb1 Rc3+ 35. Ke4 Rxh3 36. a5 Ka2 37. Rdd1 Rh4+ 38. Ke3 Rh3+ 39. Kf2
Ng4+ 40. Kg2 Rc3 41. Rdc1 Ne3+ 42. Kg1 Rxc1+ 43. Rxc1 Kxb3 44. a6 1-0

[Event "ThEM  Hauptturnier"]
[Site "?"]
[Date "2000.04.22"]
[Round "6"]
[White "Aepfler, Christian"]
[Black "Rudnizki, Sergej"]
[Result "1-0"]
[WhiteElo "2168"]
[BlackElo "1975"]
[PlyCount "107"]
[EventDate "2000.??.??"]

1. e4 e5 2. Nf3 Nc6 3. Nc3 Nf6 4. Bb5 Bb4 5. O-O O-O 6. d3 d6 7. Bg5 Bxc3 8.
bxc3 Qe7 9. Nd2 Nd8 10. Bc4 Ne6 11. Bxe6 fxe6 12. c4 b6 13. Qe2 Qf7 14. f4 exf4
15. Rxf4 e5 16. Rf2 Qg6 17. Bxf6 Rxf6 18. Raf1 Bg4 19. Rxf6 Bxe2 20. Rxg6 Bxf1
21. Rg3 Be2 22. Re3 Bh5 23. Nb1 Kf7 24. Nc3 c6 25. Re1 Ke7 26. a4 a5 27. Rb1
Rb8 28. Kf2 Kd7 29. Ke3 Bf7 30. Rf1 Be6 31. g4 Ke7 32. g5 Rf8 33. Rb1 Rb8 34.
h4 Bf7 35. Rh1 Be6 36. h5 Rf8 37. Rb1 Rb8 38. Rg1 Rf8 39. h6 g6 40. Rb1 Rb8 41.
Ne2 Bg4 42. Ng1 Be6 43. Nf3 Bg4 44. Ng1 c5 45. Ne2 Bxe2 46. Kxe2 Ke6 47. Ke3
Ke7 48. c3 Ke6 49. d4 Ke7 50. Rb2 Ke6 51. Rf2 Ke7 52. dxe5 dxe5 53. Rf6 Rb7 54.
Rc6 {T - Aufgabe} 1-0

[Event "ThEM  Hauptturnier"]
[Site "?"]
[Date "2000.04.22"]
[Round "6"]
[White "Buring, Matthias"]
[Black "Petiko, Jakob"]
[Result "1-0"]
[WhiteElo "1904"]
[BlackElo "1888"]
[PlyCount "84"]
[EventDate "2000.??.??"]

1. d4 d6 2. e4 Nf6 3. Bd3 e5 4. c3 c6 5. h3 Be7 6. Nf3 Nbd7 7. O-O O-O 8. Nbd2
Re8 9. Qb3 Nh5 10. dxe5 dxe5 11. Bc4 Rf8 12. Qc2 b5 13. Be2 Nf4 14. Nb3 Ne6 15.
Be3 Ng5 16. Rfd1 Nxf3+ 17. Bxf3 Qe8 18. a4 a6 19. axb5 cxb5 20. Rd2 Bd8 21. Be2
Rb8 22. Nc5 Nxc5 23. Bxc5 Be7 24. Bd6 Rb6 25. Bxe5 Rg6 26. Kh1 Bc5 27. Rd5 Qe7
28. Bd4 Bd6 29. e5 Qg5 30. Bf3 Bf5 31. Qd1 Bc7 32. Be3 Qe7 33. Bc5 Qe6 34. g4
h5 35. gxf5 Qxf5 36. Bg2 Re8 37. Qf3 Qe6 38. Bd4 f6 39. Re1 fxe5 40. Bc5 Rf6
41. Qd3 g5 42. Rd7 e4 1-0